Gran dicciónario de los nombres de persona : (Registro nro. 7448)

Detalles MARC
000 -LEADER
fixed length control field 00850nam a2200241 4500
001 - CONTROL NUMBER
control field 0000017036
005 - DATE AND TIME OF LATEST TRANSACTION
control field 20250329172021.0
007 - PHYSICAL DESCRIPTION FIXED FIELD--GENERAL INFORMATION
fixed length control field ta
008 - FIXED-LENGTH DATA ELEMENTS--GENERAL INFORMATION
fixed length control field 160627s1995 000 0 eng d
020 ## - INTERNATIONAL STANDARD BOOK NUMBER
International Standard Book Number 8431514612
040 ## - CATALOGING SOURCE
Original cataloging agency CO-CtgCURN
Language of cataloging spa
Transcribing agency coctgcurn
082 0# - DEWEY DECIMAL CLASSIFICATION NUMBER
Classification number R929.4
Item number E68
110 2# - MAIN ENTRY--CORPORATE NAME
Corporate name or jurisdiction name as entry element Equipo de expertos 2100.
245 10 - TITLE STATEMENT
Title Gran dicciónario de los nombres de persona :
Remainder of title origen, significado y onomastica de mas de 5.500 nombres.
260 #1 - PUBLICATION, DISTRIBUTION, ETC.
Place of publication, distribution, etc. Barcelona : :
Name of publisher, distributor, etc. Editorial de Vecchi,,
Date of publication, distribution, etc. 1995.
300 ## - PHYSICAL DESCRIPTION
Extent 445 p.
490 1# - SERIES STATEMENT
Series statement Colección Lengua Española e Idiomas
500 ## - GENERAL NOTE
General note Subtitulo tomado de la caratula \ Incluye bibliografia e indice.
650 14 - SUBJECT ADDED ENTRY--TOPICAL TERM
Topical term or geographic name entry element Nombres propios españoles
General subdivision Dicciónarios.
908 ## - PUT COMMAND PARAMETER (RLIN)
Put command parameter 160627
942 ## - ADDED ENTRY ELEMENTS (KOHA)
Koha item type Diccionarios
Classification part R929.4
Item part E68
Existencias
Withdrawn status Lost status Source of classification or shelving scheme Damaged status Not for loan Collection Home library Current library Shelving location Date acquired Inventory number Total checkouts Full call number Barcode Date last seen Price effective from Koha item type Public note
    Dewey Decimal Classification     Referencia Miguel Henríquez Castañeda Miguel Henríquez Castañeda   06/22/2017 001239   R929.4 E68 001239 03/29/2025 03/29/2025 Diccionarios 920-BIO.GE